Logo BPK

Biblioteka

Politechniki Koszalińskiej

Tendencje postępu technicznego w Polsce : (Rekord nr 32667)

Szczegóły MARC
000 -ETYKIETA REKORDU
podpole kontrolne o stałej długości 00684nam a2200193 i 4500
001 - NUMER KONTROLNY REKORDU
pole kontrolne bg
040 ## - ŹRÓDŁO KATALOGOWANIA
Instytucja, która utworzyła rekord BPK
041 0# - KOD JĘZYKA
Kod języka tekstu pl
080 ## - UNIWERSALNA KLASYFIKACJA DZIESIĘTNA - UKD
UKD 62::008(438)"1944/...":311.3(083.41)
008 - POLE O STAŁEJ DŁUGOŚCI - DANE KONTROLNE
podpole kontrolne o stałej długości s pl f |000 0 pol
100 1# - NAZWA OSOBOWA
Nazwa osobowa FELBUR, Stefan
245 10 - TYTUŁ/ODPOWIEDZIALNOŚĆ
Tytuł Tendencje postępu technicznego w Polsce :
Ciąg dalszy tytułu (aspekt innowacyjności i efektywności) /
Pozostałe elementy strefy tytułu i oznaczenia odpowiedzialności Stefan Felbur.
260 ## - STREFA ADRESU WYDAWNICZEGO
Miejsce wydania Warszawa :
Nazwa wydawcy/dystrybutora IRiSS,
Data publikacji, dystrybucji/powstania dokumentu 1997.
300 ## - STREFA OPISU FIZYCZNEGO
Objętość 82 s. :
Inne cechy fizyczne wykr. ;
Rozmiary 25 cm.
490 1# - STREFA SERII I DOKUMENTU WIELOCZĘŚCIOWEGO - FORMA NIE DO WYSZUKIWANIA
Tytuł i oznaczenie odpowiedzialności serii Raporty / Instytut Rozwoju i Studiów Strategicznych,
ISSN 1230-2848 ;
Numeracja w obrębie serii 52
650 #9 - HASŁO PRZEDMIOTOWE W FORMIE NAZWY OGÓLNEJ LUB JEDNOSTKOWEJ
Nazwa ogólna lub geograficzna Postęp techniczny
Określnik geograficzny Polska
Określnik chronologiczny od 1944 r.
830 #0 - HASŁO DODATKOWE SERII LUB DOKUMENTU WIELOCZĘŚCIOWEGO - TYTUŁ UJEDNOLICONY
Tytuł ujednolicony Raporty (Instytut Rozwoju i Studiów Strategicznych) ;
Oznaczenie tomu 52
856 ## - LOKALIZACJA I DOSTĘP DO ELEKTRONICZNYCH DOKUMENTÓW ZDALNYCH
Link (URL) http://koha.tu.koszalin.pl/cgi-bin/koha/opac-detail.pl?biblionumber=32667
Tekst linku Katalog online BPK
942 ## - DODATKOWE ELEMENTY (KOHA)
Typ dokumentu Książka
Egzemplarze
Wycofany Status egzemplarza Uszkodzony Dostępność Lokalizacja stała Lokalizacja bieżąca Miejsce przechowywania Sygnatura Kod kreskowy Dział Typ dokumentu
      Tylko na miejscu Biblioteka Politechniki Koszalińskiej Biblioteka Politechniki Koszalińskiej Czytelnia Wydziałowa ul. Kwiatkowskiego 6e 41869 01294064 311 Statystyka Książka
© 2023 Biblioteka Politechniki Koszalińskiej :: KOHA